League of Legends: Teams from every major regions - Statistics

General Stats
  • This quiz has been taken 38 times
  • The average score is 24 of 53
Answer Stats
North America % Correct
G2 Esports
100%
Fnatic
96%
SK Gaming
93%
SK Telecom T1
89%
Cloud9
81%
Team SoloMid
81%
Team Liquid
78%
Counter Logic Gaming
74%
Rogue
74%
Rogue Warriors
74%
Gen.G
70%
MAD Team
70%
Royal Never Give Up
70%
100 Thieves
67%
Splyce
67%
EDward Gaming
63%
Misfits Gaming
59%
Origen
59%
FlyQuest
56%
KT Rolster
56%
Invictus Gaming
52%
JD Gaming
52%
DAMWON Gaming
48%
Excel Esports
48%
Golden Guardians
48%
Team Vitality
48%
FC Schalke 04
44%
Top Esports
44%
Afreeca Freecs
41%
Kingzone DragonX
41%
LNG Esports
41%
FunPlus Phoenix
37%
Griffin
37%
Hanwha Life
37%
Team WE
37%
Bilibili Gaming
33%
Oh My God
33%
Echo Fox
26%
LGD Gaming
26%
Suning
26%
Clutch Gaming
22%
SANDBOX Gaming
22%
OpTic Gaming
19%
Victory Five
19%
Flash Wolves
15%
Jin Air Green Wings
15%
J Team
15%
ahq e-Sports Club
11%
G-Rex
7%
Hong Kong Attitude
4%
Alpha Esports
0%
Dominus Esports
0%
Vici Gaming
0%
No matching quizzes found
Score Distribution
Percent of People with Each Score
Percentile by Number Answered
Your Score History
You have not taken this quiz